000 00553nam a2200193Ia 4500
005 20250701163941.0
008 008 250516s9999 xx 000 0 eng d
020 _a9789811927591
040 _beng
_cSDCL
041 _aeng
_2eng
084 _aD6,8(B2895),5 R3
100 _aAnjan, Mukherjee
_9810216
245 0 _aEssentials of fuzzy soft multisets :
_bTheory and applications
260 _aSingapore :
_bSpringer,
_c2023.
300 _aix, 151p.
650 _aOperational Research
700 _aDas, Ajoy kanti
_9810217
942 _cTEXL
_2CC
999 _c1430781
_d1430781